serun
ՀԱՅ ԳԻՐՔ = Armenian Book

Հայերենի գործնական առաջադրանքներ. Հնչյունաբանություն և բառագիտություն ։ (Record no. 165177)

000 -LEADER
fixed length control field nam a22 a 4500
003 - CONTROL NUMBER IDENTIFIER
control field AM-YeNLA
005 - DATE AND TIME OF LATEST TRANSACTION
control field 20251029114614.0
008 - FIXED-LENGTH DATA ELEMENTS--GENERAL INFORMATION
fixed length control field 251029s2025 ai ||||frf||||000|0|arm||
020 ## - INTERNATIONAL STANDARD BOOK NUMBER
International Standard Book Number 978-9939-63-384-8
040 ## - CATALOGING SOURCE
Language of cataloging arm
Transcribing agency AM-YeNLA
041 0# - LANGUAGE CODE
Language code of text/sound track or separate title arm
100 1# - MAIN ENTRY--PERSONAL NAME
Personal name Սահակյան, Ռ.Հ.
Relator term հեղինակ
Relator code aut
Relator term առաջաբանի հեղինակ
Relator code aui
245 10 - TITLE STATEMENT
Title Հայերենի գործնական առաջադրանքներ. Հնչյունաբանություն և բառագիտություն ։
Remainder of title Ուսումնամեթոդական ձեռնարկ /
Statement of responsibility, etc. Հեղինակ և առաջաբանի հեղինակ՝ Ռ.Հ. Սահակյան ; Խմբագիր՝ Տ.Հ. Մերջանյան ; Գրախոս՝ Ա.Ա. Մկրտումյան ; ՀՀ ԿԳՄՍՆ ; Ճարտարապետության և շինարարության Հայաստանի ազգային համալսարան.
260 ## - PUBLICATION, DISTRIBUTION, ETC. (IMPRINT)
Place of publication, distribution, etc. Երևան ։
Name of publisher, distributor, etc. ՃՇՀԱՀ,
Date of publication, distribution, etc. 2025.
300 ## - PHYSICAL DESCRIPTION
Extent 83 էջ ;
Dimensions 20 սմ.
504 ## - BIBLIOGRAPHY, ETC. NOTE
Bibliography, etc Գրականության ցանկ՝ էջ 83։
650 14 - SUBJECT ADDED ENTRY--TOPICAL TERM
Topical term or geographic name as entry element Հայոց լեզու
General subdivision Հնչյունաբանություն
Form subdivision Ոսումնամեթոդական ձեռնարկներ
650 14 - SUBJECT ADDED ENTRY--TOPICAL TERM
Topical term or geographic name as entry element Հայոց լեզու
General subdivision Բառագիտություն
Form subdivision Ոսումնամեթոդական ձեռնարկներ
700 1# - ADDED ENTRY--PERSONAL NAME
Personal name Մկրտումյան, Ա.Ա.
Relator term գրախոս
Relator code rev
700 1# - ADDED ENTRY--PERSONAL NAME
Personal name Մերջանյան, Տ.Հ.
Relator term խմբագիր
Relator code edt
710 2# - ADDED ENTRY--CORPORATE NAME
Corporate name or jurisdiction name as entry element Ճարտարապետության և շինարարության Հայաստանի ազգային համալսարան
9 (RLIN) 37105
942 ## - ADDED ENTRY ELEMENTS (KOHA)
Source of classification or shelving scheme
Koha item type Books
Holdings
Withdrawn status Lost status Source of classification or shelving scheme Damaged status Not for loan Permanent Location Current Location Date acquired Inventory number Date last seen Price effective from Koha item type
          National Library of Armenia National Library of Armenia 2025-10-29 ՀԱԳ 2025-10-29 2025-10-29 Books

Հայաստանի ազգային գրադարան ՀՀ, 0009,Երևան, Տերյան 72
Հետադարձ կապ